平成に消滅・改称した静岡県の市町村 - Statistics

General Stats
  • This quiz has been taken 49 times
  • The average score is 39 of 52
Answer Stats
変更年月日 変更内容 回答 変更後の市町村 % Correct
2005.07/01 編入合併 天竜市 浜松市
96%
2003.04/01 新設合併 清水市 静岡市
92%
2005.07/01 編入合併 浜北市 浜松市
92%
2003.04/01 新設合併 静岡市 静岡市
84%
2005.05/05 新設合併 島田市 島田市
84%
2005.09/20 新設合併 本川根町 川根本町
84%
2006.03/31 編入合併 蒲原町 静岡市
84%
2004.04/01 新設合併 修善寺町 伊豆市
80%
2004.04/01 新設合併 天城湯ヶ島町 伊豆市
80%
2005.01/17 新設合併 菊川町 菊川市
80%
2005.04/01 編入合併 戸田村 沼津市
80%
2005.04/01 新設合併 伊豆長岡町 伊豆の国市
80%
2005.05/05 新設合併 金谷町 島田市
80%
2005.07/01 編入合併 水窪町 浜松市
80%
2008.04/01 編入合併 川根町 島田市
80%
2008.11/01 編入合併 由比町 静岡市
80%
2008.11/01 編入合併 富士川町 富士市
80%
2008.11/01 編入合併 大井川町 焼津市
80%
2004.04/01 新設合併 御前崎町 御前崎市
76%
2004.04/01 新設合併 浜岡町 御前崎市
76%
2005.04/01 新設合併 磐田市 磐田市
76%
2005.04/01 新設合併 豊田町 磐田市
76%
2005.04/01 新設合併 掛川市 掛川市
76%
2005.04/01 新設合併 袋井市 袋井市
76%
2005.07/01 編入合併 三ケ日町 浜松市
76%
2005.09/20 新設合併 中川根町 川根本町
76%
2010.03/23 編入合併 芝川町 富士宮市
76%
2010.03/23 編入合併 新居町 湖西市
76%
2004.04/01 新設合併 中伊豆町 伊豆市
72%
2005.04/01 新設合併 福田町 磐田市
72%
2005.04/01 新設合併 韮山町 伊豆の国市
72%
2005.04/01 新設合併 西伊豆町 西伊豆町
72%
2005.07/01 編入合併 佐久間町 浜松市
72%
2005.07/01 編入合併 舞阪町 浜松市
72%
2005.07/01 編入合併 雄踏町 浜松市
72%
2005.07/01 編入合併 引佐町 浜松市
72%
2009.01/01 編入合併 岡部町 藤枝市
72%
2004.04/01 新設合併 土肥町 伊豆市
68%
2005.01/17 新設合併 小笠町 菊川市
68%
2005.04/01 新設合併 大須賀町 掛川市
68%
2005.10/11 新設合併 相良町 牧之原市
68%
1991.05/01 編入合併 可美村 浜松市
64%
2005.04/01 新設合併 竜洋町 磐田市
64%
2005.04/01 新設合併 豊岡村 磐田市
64%
2005.04/01 新設合併 浅羽町 袋井市
64%
2005.04/01 新設合併 大仁町 伊豆の国市
64%
2005.07/01 編入合併 春野町 浜松市
64%
2005.07/01 編入合併 龍山村 浜松市
64%
2005.10/11 新設合併 榛原町 牧之原市
64%
2005.04/01 新設合併 賀茂村 西伊豆町
60%
2005.04/01 新設合併 大東町 掛川市
52%
2005.07/01 編入合併 細江町 浜松市
52%
No matching quizzes found
Score Distribution
Percent of People with Each Score
Percentile by Number Answered
Your Score History
You have not taken this quiz